Music Acts - C - Statistics

General Stats
  • This quiz has been taken 37 times
  • The average score is 7 of 15
Answer Stats
Hint Answer % Correct
Viva la Vida, Yellow (UK) Coldplay
97%
Victims, Karma Chameleon (UK) Culture Club
94%
Hard Habit To Break, If You Leave Me Now (US) Chicago
69%
Love Fool, Erase/Rewind (Sweden) The Cardigans
63%
Dark Lady, Strong Enough (US) Cher
50%
Devil Woman, Daddy's Home (UK) Cliff Richard
50%
Think Twice, I'm Your Angel (Canada) Celine Dion
47%
Bankrobber, Tommy Gun (UK) The Clash
38%
It's Too Late, It Might As Well Rain Until September Carole King
34%
Why, Coming Around Again (US) Carly Simon
31%
You're My World, Step Inside Love (UK) Cilla Black
31%
She, The Old Fashioned Way (France) Charles Aznavour
28%
Badge, I Feel Free (UK) Cream
28%
Vacation, Who's Sorry Now (US) Connie Francis
25%
Christian, Black Man Ray (UK) China Crisis
9%
No matching quizzes found
Score Distribution
Percent of People with Each Score
Percentile by Number Answered
Your Score History
You have not taken this quiz